000 01491cam a22004094a 4500
001 muse86538
003 MdBmJHUP
005 20210127151718.0
006 m o d
007 cr||||||||nn|n
008 720525s1965 ncu o 00 0 eng d
010 _z 65003222
020 _a9781469657660
020 _z9781469657653
035 _a(OCoLC)654439447
040 _aMdBmJHUP
_cMdBmJHUP
050 0 4 _aPD25
_b.N6 no. 50
082 0 _a016.838912
100 1 _aKlawiter, Randolph J.
245 1 0 _aStefan Zweig
_bA Bibliography /
_cby Randolph J. Klawiter.
264 1 _bUniversity of North Carolina Press
264 3 _bProject MUSE,
300 _a1 online resource (xxxviii, 190 p.)
490 0 _aUniversity of North Carolina. Studies in the Germanic languages and literatures,
_vno. 50
506 0 _aOpen Access
_fUnrestricted online access
_2star
588 _aDescription based on print version record.
600 1 1 _aZweig, Stefan,
_d1881-1942
_vBibliography.
655 7 _aElectronic books.
_2local
710 2 _aProject Muse.
_edistributor
830 0 _aUniversity of North Carolina studies in the Germanic languages and literatures ;
_vno. 50.
830 0 _aBook collections on Project MUSE.
856 4 0 _zFull text available:
_uhttps://muse.jhu.edu/book/75774/
999 _c26745
_d26745